000 00492nam a2200193Ia 4500
003 GCL
008 140319s9999 xx 000 0 eng d
040 _aGCL /
_cGCL
082 0 4 _a863
_bM C
100 1 _aMARQUEZ, GABRIEL G.
245 1 0 _aCIEN ANOS DE SOLEDAD /
_cMARQUEZ, GABRIEL G.
260 _a[S.N] :
_bCOLECCION AUSTRAL ،
_c1995
300 _a448 P
650 0 4 _aLITERATURE
650 0 4 _aFICTION
650 0 4 _aSPANISH LITERATURE
650 0 4 _aSPANISH FICTION
942 _2ddc
_cBK
999 _c12981
_d12981